| 000 | 01868cam a22005057a 4500 | ||
|---|---|---|---|
| 001 | 7921221 | ||
| 003 | OSt | ||
| 005 | 20211122095018.0 | ||
| 006 | m d | ||
| 007 | cr n | ||
| 008 | 090105s2009 gw a sb 001 0 eng d | ||
| 020 | _a9783540880646 | ||
| 028 | 5 | 2 | _a12280759 |
| 035 | _a(WaSeSS)ssj0000320037 | ||
| 038 | _aKhadija | ||
| 040 |
_aUKM _cUKM _dYDXCP _dBWX _dBTCTA _dVGM _dGBVCP _dDEBBG _dDLC _dWaSeSS |
||
| 042 |
_aukblcatcopy _alccopycat |
||
| 050 | 4 |
_aTR250 _b.S66 2009 |
|
| 050 | 4 | _aTJ211.35 | |
| 082 | 0 | 4 |
_a629.892 _222 _bSON |
| 084 |
_a004 _2sdnb |
||
| 084 |
_aST 330 _2rvk |
||
| 100 | 1 |
_aSong, Dezhen. _984795 |
|
| 210 | 1 | 0 | _aSharing a vision |
| 245 | 1 | 0 |
_aSharing A Vision : _bSystems and Algorithms for Collaboratively-teleoperated Robotic Cameras / _cDezhen Song. |
| 260 |
_aBerlin : _bSpringer, _cc2009. |
||
| 490 | 0 |
_aSpringer tracts in advanced robotics ; _vv. 51 |
|
| 504 | _aIncludes bibliographical references (p. [173]-184) and index. | ||
| 506 | _aLicense restrictions may limit access. | ||
| 563 | _aHB | ||
| 650 | 0 |
_aRobot camera. _984796 |
|
| 650 | 0 |
_aCommand and control systems. _984797 |
|
| 650 | 0 |
_aRobotics. _984798 |
|
| 650 | 4 |
_aMehrrobotersystem _xTelemanipulator _xKamera _xDreidimensionale Rekonstruktion _xVirtuelle Gemeinschaft _xRemote Access. _984799 |
|
| 650 | 0 | 7 |
_aDreidimensionale Rekonstruktion. _2swd _984800 |
| 650 | 0 | 7 |
_aKamera. _2swd _984801 |
| 650 | 0 | 7 |
_aMehrrobotersystem. _2swd _984802 |
| 650 | 0 | 7 |
_aRemote Access. _2swd _984803 |
| 650 | 0 | 7 |
_aTelemanipulator. _2swd _984804 |
| 650 | 0 | 7 |
_aVirtuelle Gemeinschaft. _2swd _984805 |
| 773 | 0 | _tSpringerLink ebooks - Engineering (2009) | |
| 856 | 4 | 0 |
_uhttp://www.columbia.edu/cgi-bin/cul/resolve?clio7921221 _zFull text available from SpringerLink ebooks - Engineering (2009) |
| 910 | _aLibrary of Congress record | ||
| 942 |
_2ddc _cBK |
||
| 999 |
_c31960 _d31960 |
||